000 00702nam a2200217Ia 4500
003 OSt
005 20250305111700.0
008 210210b2003 xxu||||| |||| 00| 0 eng d
020 _a81 7713 079 X
040 _cAL
041 _aKannada
082 _aK894.8 KANV
100 _aKANNADA PUSTAKA PRADHIKARA.
_dಕನ್ನಡ ಪುಸ್ತಕ ಪ್ರಾಧಿಕಾರ
_9204108
245 _aVedakalina Chintakaru
_bವೇದಕಾಲೀನ ಚಿಂತಕರು
260 _aBengaluru
_bKannada Pustaka Pradhikara
_c2003
300 _axii,36
650 _aMeera chakravarti Jagatika chintakaru male
_9204109
690 _aKannada Miscellaneous
_9204110
906 _aSG04040
942 _2ddc
_cSG
999 _c114700
_d114700